Datum a čas kvízu

19.5 Celkem bodů Celkový počet nahraných bodů na tomto kvízu bez doplňovacích otázek.
13. Pořadí na kvízu Konečné umístění týmu na tomto kvízu.

Zaznamenané odpovědi

# Otázka Odpověď Body Výsledky
1. Město Litomyšl vstoupilo do no... 0
2. Chorvatsko a Slovinsko se už n... 0
3. Pirátská strana využila ve své... 0
4. Končící britská velvyslankyně... 1
5. Anketu Sportovec roku 2017 ovl... 0
6. Současný prezident Miloš Zeman... 0
7. Který z devíti kandidátů ofici... 1
8. Ženskou kandidátku v těchto vo... 0.5
9. Se kterým kandidátem je spojen... 0
10. Jedním ze smyšlených kandidátů... 0